Criminal Law/ (Record no. 213575)

MARC details
000 -LEADER
fixed length control field 00715nam a22002177a 4500
005 - DATE AND TIME OF LATEST TRANSACTION
control field 20260428102627.0
010 ## - LCCN (DPL NO)
LC control number ENG-146953 ENG-148164
020 ## - INTERNATIONAL STANDARD BOOK NUMBER
International Standard Book Number 9789349015678
Terms of availability 1350.00
035 ## - SYSTEM CONTROL NUMBER
System control number EN-130485
035 ## - SYSTEM CONTROL NUMBER
System control number EN-131696
037 ## - SOURCE OF ACQUISITION
Source of stock number/acquisition DBAD
082 ## - DEWEY DECIMAL CLASSIFICATION NUMBER
Classification number 347.972
Edition number 16
100 ## - MAIN ENTRY--PERSONAL NAME
Personal name Pillai, P S A
245 ## - TITLE STATEMENT
Title Criminal Law/
Statement of responsibility, etc P S A Pillai
250 ## - EDITION STATEMENT
Edition statement 16
260 ## - PUBLICATION, DISTRIBUTION, ETC. (IMPRINT)
Place of publication, distribution, etc Haryana
Name of publisher, distributor, etc LexisNexis
Date of publication, distribution, etc 2025
270 ## - ADDRESS
Address 14th Floor, Building No. 10, Tower-B, DLF Cyber City, Phase-II, Gurgaon
City Haryana
Postal code 122002
Telephone number +91-124-4774444
Fax number +91-1244774100
300 ## - PHYSICAL DESCRIPTION
Extent ccxix,850p
Dimensions 24cm.(pb)
500 ## - GENERAL NOTE
General note In Accordance with The Bharatiya Nyaya Sanhita, 2023
942 ## - ADDED ENTRY ELEMENTS (KOHA)
Source of classification or shelving scheme Dewey Decimal Classification
Item type English Books
Classification part 347.972
Call number suffix PIL
Edition 16
Holdings
Withdrawn status Lost status Not for loan Collection code Home library Current library Date acquired Source of acquisition Cost, normal purchase price Full call number Barcode Copy number Cost, replacement price Koha item type
    Not For Loan Reference Central Library Central Library 06/10/2025 Delivery of Books Act Division 1350.00 347.972 PIL EN-130485 1 1350.00 English Books
      Non-fiction Sarojini Nagar Sarojini Nagar 28/04/2026 Delivery of Books Act Division 1350.00 347.972 PIL EN-131696 1 1350.00 English Books

© Delhi Public Library
Hit Counter
free hit counter